| 000 | 00699nam a22001937a 4500 | ||
|---|---|---|---|
| 005 | 20240216144934.0 | ||
| 010 | _aENG-139332 ENG-139333 ENG-139334 EN-139335 | ||
| 020 |
_c9995.00 (set of 4) _a9789391211400 |
||
| 035 | _aEN-122864 EN-122865 EN-122866 EN-122867 | ||
| 037 | _bDBAD/PUB | ||
| 082 | _a340 | ||
| 100 |
_aSingle,M L _962226 |
||
| 245 |
_a J K Soonavala Supreme Court Criminal Digest/ _cBy M L Single |
||
| 250 | _a7 | ||
| 260 |
_aHaryana _bLexisNexis _c2022 |
||
| 270 |
_a14 floor,Building no.10, Tower-B,DLF Cyber City ,Phase-II _bGurgaon _e122002 _k911244774444 _l911244774100 |
||
| 300 |
_a7265p. _c25cm(hb) |
||
| 942 |
_2ddc _cEN _mSIN _h340 |
||
| 999 |
_c200862 _d200862 |
||